|
|
|
|
| LEADER |
00000naa2a2200000 4500 |
| 001 |
184583 |
| 005 |
20231031172436.0 |
| 035 |
|
|
|a (RuTPU)RU\TPU\book\200174
|
| 090 |
|
|
|a 184583
|
| 100 |
|
|
|a 20100914d2004 k y0rusy50 ca
|
| 101 |
0 |
|
|a rus
|
| 102 |
|
|
|a RU
|
| 200 |
1 |
|
|a Выбор управляющего микроконтроллера в технических системах
|f Д. В. Сурнин
|
| 320 |
|
|
|a Библиогр.: 10 назв.
|
| 463 |
|
0 |
|0 (RuTPU)RU\TPU\book\75409
|t Молодежь и современные информационные технологии
|o Сборник трудов II-ой Всероссийской научно-практической конференции студентов, г. Томск, 25-26 февраля 2004 г.
|f Томский политехнический университет; Институт "Кибернетический центр"; Под ред. В. И. Гончарова
|v С. 216-217
|d 2004
|p 282 с.
|
| 610 |
1 |
|
|a микроконтроллеры
|
| 610 |
1 |
|
|a управление
|
| 610 |
1 |
|
|a производство
|
| 610 |
1 |
|
|a технические системы
|
| 610 |
1 |
|
|a труды учёных ТПУ
|
| 700 |
|
1 |
|a Сурнин
|b Д. В.
|
| 801 |
|
1 |
|a RU
|b 63413507
|c 20100914
|
| 801 |
|
2 |
|a RU
|b 63413507
|c 20110802
|g RCR
|
| 942 |
|
|
|c BK
|